00654nam a2200181 a 4500003000200000005001700002008004100019050002900060100002700089245006800116260009300184300004600277504004100323650003000364650003400394650002600428650001800454020250307101629.0090707s19uu xx 00 eng d aPGS LB 1065b.Ag284 2009 aAguirre, Ann Nicole S. aLearning styles of grade six students /cAnn Nicole S. Aguirre. aLas Piñas City, Philippines : bSouthville International School and Colleges, c2009. a20 pages : billustrations ; c28 cm.  aIncludes bibliographical references. aLearning, Psychology of.  aCognitive styles in children. aLearning strategies.  aStudy skills.